PHARMACEUTICAL BIOTECHNOLOGY (Record no. 265758)

MARC details
000 -LEADER
fixed length control field 00320pam a2200145a 44500
008 - FIXED-LENGTH DATA ELEMENTS--GENERAL INFORMATION
fixed length control field 230405s xxu||||| |||| 00| 0 eng d
041 ## - LANGUAGE CODE
Language code of text/sound track or separate title ENG
100 ## - MAIN ENTRY--PERSONAL NAME
Personal name .
245 ## - TITLE STATEMENT
Title PHARMACEUTICAL BIOTECHNOLOGY
250 ## - EDITION STATEMENT
Edition statement 1 2000
260 ## - PUBLICATION, DISTRIBUTION, ETC.
Place of publication, distribution, etc.
Name of publisher, distributor, etc. VALLABH PRAKASHAN
Date of publication, distribution, etc.
300 ## - PHYSICAL DESCRIPTION
Extent 391
650 ## - SUBJECT ADDED ENTRY--TOPICAL TERM
Topical term or geographic name entry element PHARMACEUTICS
906 ## - LOCAL DATA ELEMENT F, LDF (RLIN)
a 319
Holdings
Withdrawn status Lost status Damaged status Not for loan Collection Home library Current library Date acquired Source of acquisition Cost, normal purchase price Total Checkouts Full call number Barcode Date last seen Price effective from Koha item type
          College of Pharmacy, Kolhapur College of Pharmacy, Kolhapur 01/07/2001 S K KOTHARI 170.00   615 PCK-1392 14/04/2023 14/04/2023 Book
          College of Pharmacy, Kolhapur College of Pharmacy, Kolhapur 14/04/2023 S K KOTHARI 170.00   615 PCK-940 14/04/2023 14/04/2023 Book
          College of Pharmacy, Kolhapur College of Pharmacy, Kolhapur 14/04/2023 S K KOTHARI 170.00   615 PCK-939 14/04/2023 14/04/2023 Book
          College of Pharmacy, Kolhapur College of Pharmacy, Kolhapur 14/04/2023 S K KOTHARI 170.00   615 PCK-938 14/04/2023 14/04/2023 Book
          College of Pharmacy, Kolhapur College of Pharmacy, Kolhapur 14/04/2023 S K KOTHARI 170.00   615 PCK-857 14/04/2023 14/04/2023 Book